Fábulas (Registo nº 2297)
[ vista simples ]
| 000 -Etiqueta do registo | |
|---|---|
| Cabeçalho | 00911nam a22003131 4500 |
| 005 - Identificador da versão | |
| Campo de controlo | 20240813121930.0 |
| 095 ## - | |
| -- | PTBN00792271 |
| 010 ## - Número internacional normalizado dos livros (ISBN) | |
| Número (ISBN) | 9724302644 |
| 021 ## - Número do Depósito Legal | |
| Código do país | PT |
| Número | 87874/95 |
| 100 ## - Dados gerais de processamento | |
| Dados gerais de processamento | 20020103d1995 d y0pory5003 ba |
| 102 ## - Pais de publicação ou produção | |
| País de publicação | Portugal |
| 101 1# - Língua de publicação | |
| Língua do texto, banda sonora, etc. | Português |
| Língua do documento no original | Francês |
| 106 ## - Campo de dados codificados: material textual | |
| Dados codificados do material textual | r |
| 105 ## - Campo de dados codificados: livros | |
| Dados codificados dos livros | a z 001ay |
| 215 ## - Descrição física | |
| Indicação específica da natureza do documento e extensão da espécie | [88] p. |
| Outras indicações físicas | il. |
| Dimensões | 25 cm |
| 200 1# - Titulo e menção de responsabilidade | |
| Título próprio | Fábulas |
| Primeira menção de responsabilidade | La Fontaine |
| Outras menções de responsabilidade | il. António Modesto |
| -- | trad. António Sabler |
| 225 2# - Colecção | |
| Título próprio da colecção | Grandes clássicos |
| 210 ## - Publicação, Distribuição, etc. | |
| Lugar da edição, distribuição, etc. | Porto |
| Nome do editor, distribuidor, etc. | Edinter |
| Data da publicação, distribuição, etc. | imp. 1995 |
| 606 ## - Nome comum usado como assunto | |
| Número de registo de entrada de autoridade | 0000015 |
| Palavra de ordem | Literatura estrangeira infanto-juvenil |
| Subdivisão de assunto | Conto |
| Número de registo de entrada de autoridade | 0000976 |
| Palavra de ordem | Fábulas |
| 675 ## - Classificação Decimal Universal (CDU) | |
| Notação | 82-342 |
| Edição | 2ª |
| Língua da edição | por |
| 702 #1 - Nome de autor-pessoa física (responsabilidade secundária) | |
| Número de registo de entrada de autoridade | 0001125 |
| Palavra de ordem | Modesto |
| Outra parte do nome não tomada para palavra de ordem | António |
| Datas | 1957- |
| Código de função | Ilustrador / Técnico de desenho computorizado |
| Número de registo de entrada de autoridade | 0001126 |
| Palavra de ordem | Sabler |
| Outra parte do nome não tomada para palavra de ordem | António |
| Código de função | Tradutor |
| 700 #1 - Nome de autor-pessoa física (responsabilidade principal) | |
| Número de registo de entrada de autoridade | 0001124 |
| Palavra de ordem | La Fontaine |
| Outra parte do nome não tomada para palavra de ordem | Jean de |
| Datas | 1621-1695 |
| 942 ## - Elementos de entrada adicionados (Koha) | |
| Tipo de item no Koha | Livro |
| Situação do levantamento | Origin of item (home branch) (coded) | Biblioteca de empréstimo | Código de barras | Cota | Circulation type (not for loan) | Tipo de documento | Nota do exemplar | Damaged status |
|---|---|---|---|---|---|---|---|---|
| Biblioteca Escolar da Coca Maravilhas | Biblioteca Escolar da Coca Maravilhas | BECM5542/02 | 8EST FON | Livro | Sem mensagem |
